000 01237nam a22003497a 4500
003 CHAP
005 20220329134731.0
008 971013s1978 r 00010 d
010 _a25008
011 _a25980
035 _a30080
040 _cCHAP
082 _a338.9724
_bC65q
110 _aComité Técnico Asesor Cuenca Lerma, Chapala, Santiago. México
_925918
245 _aQuerétaro agropecuario
260 _aGuadalajara, Jal. :
_bEl Comité,
_c1978
300 _a55 p.
_b: ilus. ; gráfs.
590 _aBATCH-UPD
_b10
_c20130110
_lUCH01
_h0138
590 _aBATCH-UPD
_b10
_c20130110
_lUCH01
_h2126
590 _aBATCH-UPD
_b10
_c20130409
_lUCH01
_h2136
590 _aBATCH-UPD
_b10
_c20130410
_lUCH01
_h1436
590 _aBATCH-UPD
_b10
_c20130913
_lUCH01
_h2043
590 _aCONVERSION
_b10
_c20130109
_lUCH01
_h1314
650 1 4 _aAgricultura
_xEstadísticas
_zQuerétaro.
_91464
650 1 4 _aAgricultura
_xQueretaro.
_91777
650 1 4 _aGanadería
_xQuerétaro.
_944839
901 _aBK
942 _cLIBRO
949 _a338.9724 C65q
_bBC
_cC
_d33724000120457
_eC
_h43711
_i30080
_si
949 _a338.9724 C65q
_bBC
_cC
_d33724000397824
_eC
_fc.3
_h43812
_i30080
_si
949 _a338.9724 C65q
_bBC
_cMUT
_d-142824
_eMUT
_fc.2
_h43738
_i30080
_si
999 _c25008
_d25008